HEAD AND NECK SURGERY (Record no. 8404)

MARC details
000 -LEADER
fixed length control field 00282nam a22001337a 4500
003 - CONTROL NUMBER IDENTIFIER
control field SGT
082 ## - DEWEY DECIMAL CLASSIFICATION NUMBER
Classification number 617.51, H13K
100 ## - MAIN ENTRY--PERSONAL NAME
Personal name KIRTANE, MILIND V.
245 ## - TITLE STATEMENT
Title HEAD AND NECK SURGERY
260 ## - PUBLICATION, DISTRIBUTION, ETC. (IMPRINT)
Place of publication, distribution, etc INDIA
Name of publisher, distributor, etc THIEME PUB.
Year of Publication 2013
300 ## - PAGE DESCRIPTION
No. of Pages 477
650 ## - SUBJECT ADDED ENTRY--TOPICAL TERM
Topical term or geographic name as entry element SURGERY
942 ## - ADDED ENTRY ELEMENTS (KOHA)
Source of classification or shelving scheme Dewey Decimal Classification
Koha item type Books
Holdings
Withdrawn status Lost status Source of classification or shelving scheme Damaged status Not for loan Collection code Home library Current library Shelving location Date acquired Vendor Name Cost, normal purchase price SGTU Bill Number Total Checkouts Full call number Accession No. (Barcode) Date last seen Bill Date Koha item type
    Dewey Decimal Classification     MEDICAL SGT Medical Library SGT Medical Library Reference Book 14/03/2016 AHUJA BOOK COMPANY 9000.00 SGTU 5978   617.51, H13K FM7428 14/03/2016 14/08/2015 Books
    Dewey Decimal Classification     MEDICAL SGT Medical Library SGT Medical Library Reference Book 14/03/2016 AHUJA BOOK COMPANY 9000.00 SGTU 5978   617.51, H13K FM7429 14/03/2016 14/08/2015 Books